Data protection in e-government in european regions and cities

Bibliographic Details
Other Authors: Arv̌alo Nieto, G.
Format: Book
Language:English
Published: Madrid : Dykinson : Universidad Rey Juan Carlos, 2006
Series:Ciencias jurd̕icas y sociales ; 53
Subjects:
Online Access:Acceso restringido

MARC

LEADER 00000nam a2200000 a 4500
005 20130712153722.0
007 cr|||| ||||
008 070917s2006 sp |||||| 000 ||eng|c
020 |a 8497729579 
035 |a 11455 
040 |a vLex 
090 |c 4458  |d 4458 
245 0 0 |a Data protection in e-government in european regions and cities   |h [Recurso electrn̤ico] /  |c G. Arv̌alo Nieto ...[et al.] 
256 |a Servicio en ln̕ea 
260 |a Madrid :  |b Dykinson :  |b Universidad Rey Juan Carlos,  |c 2006 
300 |a 1 recurso electrn̤ico 
490 1 |a Ciencias jurd̕icas y sociales ;  |v 53 
504 |a Bibliografa̕ 
506 1 |a Contenido disponible solo en los productos indicados  |d vLex Global  |d vLex Global (Academic Edition, excluding Law Schools)  |d vLex Global (U.S. Academic Edition, Law Schools)  |d vLex Global (U.S. Academic Edition, excluding Law Schools)  |d vLex Global (Academic Edition, Law Schools) 
650 0 4 |a Proteccin̤ de datos  |z Unin̤ Europea, Pas̕es de la  
650 0 4 |a Administracin̤ electrn̤ica  |z Uni ̤Europea, Pas̕es de la 
650 0 4 |a Administracin̤ pb︢lica  |z Uni ̤Europea, Pas̕es de la   |z Tecnologia de la informaci̤ 
700 1 |a Arv̌alo Nieto, G. 
740 0 |a vLex Libros (Servicio en ln̕ea) 
830 0 |a Ciencias jurd̕icas y sociales ;  |v 53 
856 4 0 |u http://vlex.com/source/data-protection-in-e-government-in-european-regions-and-cities-11455  |z Acceso restringido 
942 |c BOOK